Análisis de un Sistema para el Control de los Programas Elaborados por el Departamento de Informática /

Shranjeno v:
Bibliografske podrobnosti
Glavni avtor: Rodríguez Guerra, Margarita (autor)
Format: Tesis Knjiga
Jezik:španščina
Izdano: Guadalajara, México : edición de autor, 1993
Teme:
Oznake: Označite
Brez oznak, prvi označite!

MARC

LEADER 00000nam^a2200000^a^4500
001 000045223
005 20250521000000.0
009 20260310085923.346
037 |a Acervo ITESO - Biblioteca 
041 |a ESP 
090 |a LAC. 36 
100 |a Rodríguez Guerra, Margarita  |e (autor) 
245 1 0 |a Análisis de un Sistema para el Control de los Programas Elaborados por el Departamento de Informática /  |c Margarita Rodríguez Guerra. 
264 1 |a Guadalajara, México :  |b edición de autor,  |c 1993 
300 |a 109 p. 
336 |a texto  |b txt  |2 rdacontenido 
337 |a sin mediación  |b n  |2 rdamedio 
338 |a volumen  |b nc  |2 rdasoporte 
502 |a ITESO Tesis de Licenciatura en Administración Area Computación 
649 |a XX 
650 |a Ingeniería Computacional 
650 |a Sistemas Computacionales 
650 |a Educación Superior 
650 |a Computadoras en la Educación 
910 |a Fondo General 
920 |a Impresos - Tesis del ITESO 
930 |a Colección General 
905 |a 104 
901 |a T019820100  |b IT2  |c TSS  |i 801982  |u 20250521 
902 |a https://opac.biblio.iteso.mx/vufind/Record/000045223